[Event "19. Sahovski festival "]
[Site "Senta"]
[Date "2015.07.13"]
[Round "4.20"]
[White "Solymosi, Andras"]
[Black "Matovic, Mihajlo Z"]
[Result "0-1"]
[WhiteElo "1965"]
[BlackElo "2100"]
[PlyCount "46"]
[EventDate "2015.07.11"]

1. c4 Nf6 2. Nf3 g6 3. d4 Bg7 4. g3 O-O 5. Bg2 d6 6. O-O Nbd7 7. Nc3 e5 8. e4
c6 9. d5 Nc5 10. Qc2 cxd5 11. cxd5 a5 12. Be3 b6 13. h3 Ba6 14. Rfd1 Rc8 15.
Qb1 b5 16. b4 Ncd7 17. Qb2 Nb6 18. Nd2 axb4 19. Qxb4 Nc4 20. Bg5 Nxd2 21. Rxd2
Rc4 22. Qb3 Qa5 23. Rc2 Rb4 0-1

[Event "19. Sahovski festival "]
[Site "Senta"]
[Date "2015.07.13"]
[Round "4.21"]
[White "Bernath, Robert"]
[Black "Mrzic, Branko"]
[Result "1-0"]
[WhiteElo "2049"]
[BlackElo "1877"]
[PlyCount "115"]
[EventDate "2015.07.11"]

1. e4 d6 2. d4 Nf6 3. Nc3 Nbd7 4. f4 e5 5. Nf3 Be7 6. Bc4 O-O 7. O-O exd4 8.
Nxd4 d5 9. Nxd5 Nxd5 10. Bxd5 Nf6 11. Nb3 c6 12. Bc4 Qb6+ 13. Kh1 Nxe4 14. Qe2
Nd6 15. Be3 Qc7 16. Bd3 Bf5 17. Rad1 Bxd3 18. Rxd3 Nc4 19. Bc1 Bf6 20. c3 Nb6
21. f5 Nd5 22. c4 Rfe8 23. Qh5 Ne7 24. Rh3 Kf8 25. Qxh7 Ng8 26. Rhf3 Re4 27.
Bf4 Qe7 28. c5 Rd8 29. Qh3 Be5 30. Bxe5 Qxe5 31. Rd3 Rxd3 32. Qxd3 Qd5 33. Qg3
Qe5 34. Qxe5 Rxe5 35. Kg1 Re2 36. Rb1 Nf6 37. Na5 Re7 38. b4 Re2 39. a3 Ra2 40.
Nc4 Nd5 41. Rb2 Ra1+ 42. Kf2 b6 43. b5 cxb5 44. Rxb5 Nc7 45. cxb6 axb6 46. Rxb6
Nd5 47. Rb7 f6 48. Ra7 Nc3 49. Kf3 Nb5 50. Ra8+ Ke7 51. a4 Nd4+ 52. Ke4 Nc6 53.
Kd5 Kd7 54. Kc5 Kc7 55. Rg8 Ne5 56. Nxe5 fxe5 57. Rxg7+ Kb8 58. f6 1-0

[Event "19. Sahovski festival "]
[Site "Senta"]
[Date "2015.07.13"]
[Round "4.22"]
[White "Szeles, Ambrus"]
[Black "Jovanovic, Milan B"]
[Result "0-1"]
[WhiteElo "1850"]
[BlackElo "2041"]
[PlyCount "48"]
[EventDate "2015.07.11"]

1. e4 c5 2. Nc3 Nc6 3. d3 g6 4. Nce2 d5 5. exd5 Qxd5 6. c3 e5 7. Ng3 Bg7 8. Be2
f5 9. Bf3 Qd6 10. Qc2 Be6 11. Bxc6+ Qxc6 12. f3 Nf6 13. N1e2 O-O 14. O-O Nd5
15. Re1 h5 16. Kh1 h4 17. Nf1 h3 18. gxh3 f4 19. Ng1 Bf5 20. Re4 Bxe4 21. dxe4
Nc7 22. Qe2 Rad8 23. Bd2 c4 24. b3 Rd3 0-1

[Event "19. Sahovski festival "]
[Site "Senta"]
[Date "2015.07.13"]
[Round "4.24"]
[White "Tomik, Lajos"]
[Black "Hiebert, Kenji"]
[Result "1-0"]
[WhiteElo "2021"]
[BlackElo "1796"]
[PlyCount "69"]
[EventDate "2015.07.11"]

1. c4 g6 2. Nc3 Bg7 3. g3 e5 4. Bg2 Nc6 5. d3 f5 6. e3 Nf6 7. Nge2 O-O 8. O-O
d6 9. Rb1 a5 10. a3 Be6 11. Qc2 d5 12. b3 Ne7 13. Rd1 c6 14. Bb2 g5 15. Na4 Ng6
16. Nc5 Bc8 17. cxd5 cxd5 18. Rbc1 f4 19. exf4 gxf4 20. f3 Bh6 21. Ra1 Qe7 22.
b4 fxg3 23. Nxg3 Be3+ 24. Kh1 Nd7 25. d4 Nxc5 26. bxc5 e4 27. fxe4 Rf2 28. Qb3
Qg5 29. Bc1 Rxg2 30. Bxe3 Rxg3 31. hxg3 Qxg3 32. Qxd5+ Kg7 33. Qg5 Qf3+ 34. Kg1
h6 35. Qxh6+ 1-0

[Event "19. Sahovski festival "]
[Site "Senta"]
[Date "2015.07.13"]
[Round "4.25"]
[White "Kovacs, Arthur Dr"]
[Black "Lalic, Danka"]
[Result "1/2-1/2"]
[WhiteElo "2006"]
[BlackElo "1788"]
[PlyCount "38"]
[EventDate "2015.07.11"]

1. d4 Nf6 2. Nf3 g6 3. c4 Bg7 4. Nc3 d6 5. e4 O-O 6. Be2 Nbd7 7. O-O e5 8. Re1
c6 9. Bf1 exd4 10. Nxd4 Ng4 11. Qxg4 Bxd4 12. Be3 Bg7 13. Qd1 Ne5 14. c5 dxc5
15. Bxc5 Re8 16. Qxd8 Rxd8 17. Rad1 Be6 18. Bd4 Nf3+ 19. gxf3 Bxd4 1/2-1/2

[Event "19. Sahovski festival "]
[Site "Senta"]
[Date "2015.07.13"]
[Round "4.30"]
[White "Bal, Enes Emre"]
[Black "Demic, Aleksandar"]
[Result "1-0"]
[WhiteElo "1886"]
[BlackElo "1735"]
[PlyCount "49"]
[EventDate "2015.07.11"]

1. c4 e5 2. g3 Nc6 3. Bg2 g6 4. e4 Nf6 5. d3 Bg7 6. Ne2 O-O 7. Nbc3 d6 8. O-O
Be6 9. h3 Nd7 10. f4 exf4 11. Bxf4 Nde5 12. d4 Nxd4 13. Nxd4 Bxc4 14. Nde2 Nd3
15. Qd2 c6 16. Rad1 Qb6+ 17. Qe3 Qxe3+ 18. Bxe3 Nxb2 19. Rb1 Bxc3 20. Nxc3 Bxf1
21. Bxf1 d5 22. Rxb2 dxe4 23. Nxe4 f5 24. Bc4+ Kg7 25. Rxb7+ 1-0

[Event "19. Sahovski festival "]
[Site "Senta"]
[Date "2015.07.13"]
[Round "4.33"]
[White "Engi, Igor"]
[Black "Toth, Kazmer"]
[Result "0-1"]
[WhiteElo "1652"]
[BlackElo "1946"]
[PlyCount "56"]
[EventDate "2015.07.11"]

1. e4 d6 2. d4 Nf6 3. Nc3 g6 4. Nf3 c6 5. h3 Bg7 6. Bc4 b5 7. Bd3 b4 8. Ne2 O-O
9. O-O Bb7 10. Bf4 Nbd7 11. a3 a5 12. Qd2 c5 13. d5 Qc7 14. Bh6 c4 15. Bxg7
Kxg7 16. axb4 axb4 17. Qxb4 cxd3 18. cxd3 Ba6 19. Rfd1 Rfb8 20. Qd2 Qb6 21.
Rdb1 Nc5 22. Nc1 Bxd3 23. Nxd3 Rxa1 24. Rxa1 Nb3 25. Qd1 Nxa1 26. Qxa1 Nxe4 27.
Qe1 Nf6 28. Qxe7 Re8 0-1

[Event "19. Sahovski festival "]
[Site "Senta"]
[Date "2015.07.13"]
[Round "4.35"]
[White "Vadoc, Karolj"]
[Black "Abel, Istvan"]
[Result "0-1"]
[WhiteElo "1920"]
[BlackElo "1714"]
[PlyCount "110"]
[EventDate "2015.07.11"]

1. e4 c5 2. c3 Nc6 3. d4 cxd4 4. cxd4 g6 5. Nf3 Bg7 6. Nc3 d6 7. Bc4 Nf6 8. O-O
O-O 9. h3 a6 10. Qe2 e6 11. Rd1 Qc7 12. Bb3 b5 13. Bf4 Na5 14. Bc2 Nc4 15. Bd3
Nh5 16. Bc1 Nb6 17. Bd2 Bb7 18. Rac1 Qd7 19. b3 Rfe8 20. Be3 f5 21. g4 fxg4 22.
hxg4 Nf6 23. Nd2 Qf7 24. f3 Rad8 25. Qf2 Nc8 26. Ne2 Rf8 27. Qh4 Rd7 28. Rc2
Ne7 29. Rdc1 e5 30. d5 Nfxd5 31. exd5 Nxd5 32. Bg5 Nb4 33. Rc3 Nxa2 34. Bb1
Nxc3 35. Nxc3 Rc7 36. Ne2 Rxc1+ 37. Nxc1 Bxf3 38. Nd3 e4 39. Ne1 Bxg4 40. Bxe4
Be6 41. Nef3 Bd5 42. Be7 Re8 43. Bxd5 Qxd5 44. Bf6 Bxf6 45. Qxf6 Rf8 46. Qc3
Qc5+ 47. Qxc5 dxc5 48. Kf2 a5 49. Ke3 a4 50. bxa4 bxa4 51. Kd3 h5 52. Ng5 a3
53. Kc3 Rb8 54. Nb3 a2 55. Na1 Rb1 0-1

[Event "19. Sahovski festival "]
[Site "Senta"]
[Date "2015.07.13"]
[Round "4.36"]
[White "Aleksic, Zvonimir"]
[Black "Petrovic, Aleksa"]
[Result "1-0"]
[WhiteElo "1916"]
[BlackElo "1674"]
[PlyCount "61"]
[EventDate "2015.07.11"]

1. e4 e5 2. Nf3 Nf6 3. Nxe5 d6 4. Nf3 Nxe4 5. Bd3 Nf6 6. c3 Be7 7. O-O O-O 8.
Bc2 c6 9. d4 Bg4 10. Nbd2 Nbd7 11. Re1 Re8 12. Nf1 Bh5 13. Ng3 Bg6 14. Nf5 Bxf5
15. Bxf5 g6 16. Bd3 Qc7 17. h3 Bf8 18. Bf4 Rxe1+ 19. Qxe1 Re8 20. Qd2 Bg7 21.
Qc2 Nf8 22. Qb3 Ne6 23. Bh2 Bh6 24. Qa3 c5 25. Qxa7 c4 26. Bf1 Bf4 27. Qa4
Bxh2+ 28. Nxh2 d5 29. Ng4 Nxg4 30. Qxe8+ Nf8 31. hxg4 1-0

[Event "19. Sahovski festival "]
[Site "Senta"]
[Date "2015.07.13"]
[Round "4.39"]
[White "Farkas, Sandor I"]
[Black "Barta, Aron"]
[Result "1-0"]
[WhiteElo "1863"]
[BlackElo "1585"]
[PlyCount "33"]
[EventDate "2015.07.11"]

1. e4 e5 2. d4 exd4 3. Qxd4 Nc6 4. Qe3 d6 5. Nc3 Nf6 6. h3 g6 7. Bd2 Bg7 8.
O-O-O O-O 9. g4 Re8 10. Bc4 Be6 11. Bxe6 Rxe6 12. g5 Nh5 13. Nd5 Ne7 14. Nf4
Nxf4 15. Qxf4 d5 16. Bb4 Rxe4 17. Qxe4 1-0

[Event "19. Sahovski festival "]
[Site "Senta"]
[Date "2015.07.13"]
[Round "4.41"]
[White "Grbin, Stefan"]
[Black "Jankov, Danijel"]
[Result "1-0"]
[WhiteElo "1779"]
[BlackElo "1471"]
[PlyCount "53"]
[EventDate "2015.07.11"]

1. d4 e5 2. dxe5 Nc6 3. Nf3 Qe7 4. Nc3 Nxe5 5. Nxe5 Qxe5 6. Qd5 Qf6 7. Bg5 c6
8. Bxf6 cxd5 9. Bd4 a6 10. Nxd5 Rb8 11. Ba7 Bd6 12. Nb6 Bc5 13. Bxb8 Bxb6 14.
Bd6 Nf6 15. e3 Ne4 16. Bb4 a5 17. Ba3 a4 18. Bb4 a3 19. bxa3 d5 20. Rd1 d4 21.
exd4 Kd8 22. Bd3 Re8 23. O-O Bg4 24. f3 Bxd4+ 25. Kh1 Ng3+ 26. hxg3 Re6 27. Bg6
1-0

[Event "19. Sahovski festival "]
[Site "Senta"]
[Date "2015.07.14"]
[Round "5.1"]
[White "Atalik, Suat"]
[Black "Arsovic, Zoran"]
[Result "1/2-1/2"]
[WhiteElo "2564"]
[BlackElo "2418"]
[PlyCount "65"]
[EventDate "2015.07.11"]

1. d4 Nf6 2. c4 e6 3. Nc3 Bb4 4. f3 Nc6 5. e4 O-O 6. Bg5 e5 7. d5 Ne7 8. Bxf6
gxf6 9. Qd2 d6 10. g4 c6 11. Nge2 cxd5 12. cxd5 Kh8 13. Rg1 Bd7 14. Rg3 Rg8 15.
Rh3 Rg6 16. Nc1 Rc8 17. Nd3 Ba5 18. Rc1 Rg7 19. b4 Bb6 20. Ne2 Rxc1+ 21. Qxc1
a5 22. a3 axb4 23. axb4 Ba7 24. Ng3 Qb6 25. Nh1 Bb5 26. Qd2 Rg6 27. Rg3 Bxd3
28. Bxd3 Qd4 29. Rg2 Bb6 30. Bb1 Qc4 31. Bd3 Qd4 32. Bb1 Qc4 33. Bd3 1/2-1/2

[Event "19. Sahovski festival "]
[Site "Senta"]
[Date "2015.07.14"]
[Round "5.2"]
[White "Nestorovic, Dejan"]
[Black "Bratkovic, Jakob"]
[Result "1-0"]
[WhiteElo "2408"]
[BlackElo "2212"]
[PlyCount "83"]
[EventDate "2015.07.11"]

1. d4 d5 2. c4 c6 3. Nf3 Nf6 4. Nc3 e6 5. e3 Nbd7 6. Qc2 Bd6 7. b3 O-O 8. Be2
Re8 9. O-O dxc4 10. bxc4 e5 11. Bb2 exd4 12. exd4 Nf8 13. Rad1 Qe7 14. Rfe1 Bg4
15. Kf1 Ne6 16. h3 Bh5 17. Nh4 Bxe2+ 18. Rxe2 Qc7 19. Ne4 Nxe4 20. Qxe4 g6 21.
d5 cxd5 22. cxd5 f5 23. Qa4 Ng7 24. Rxe8+ Nxe8 25. Qd4 Qg7 26. Qd2 Be5 27. Bxe5
Qxe5 28. Nf3 Qd6 29. Qa5 Nc7 30. g3 b6 31. Qa4 Rd8 32. Qxa7 Qc5 33. Qb7 Rxd5
34. Re1 Rd8 35. Kg2 Qd6 36. Re2 Qc5 37. Rb2 b5 38. Re2 Qc4 39. Re7 Ne6 40. Rxh7
Rf8 41. Ng5 Qc8 42. Rh8+ 1-0

[Event "19. Sahovski festival "]
[Site "Senta"]
[Date "2015.07.14"]
[Round "5.3"]
[White "Gabric, Goran"]
[Black "Andrijevic, Milan"]
[Result "0-1"]
[WhiteElo "2164"]
[BlackElo "2268"]
[PlyCount "58"]
[EventDate "2015.07.11"]

1. e4 c5 2. Nc3 e6 3. Nge2 Nc6 4. d3 d5 5. exd5 exd5 6. d4 Nf6 7. Be3 Ng4 8.
Qd2 Nxe3 9. Qxe3+ Be7 10. O-O-O cxd4 11. Nxd4 O-O 12. Nxd5 Bc5 13. Nxc6 Bxe3+
14. Nxe3 Qf6 15. Nd4 Qxf2 16. Nd5 Bg4 17. Nf3 Rfd8 18. c4 b5 19. Rd2 Qc5 20. b4
Qf8 21. c5 a5 22. a3 axb4 23. axb4 Be6 24. Nc3 Ra1+ 25. Nb1 Rxd2 26. Nfxd2 Qa8
27. Bxb5 Qa3+ 28. Kd1 Bg4+ 29. Be2 Bf5 0-1

[Event "19. Sahovski festival "]
[Site "Senta"]
[Date "2015.07.14"]
[Round "5.4"]
[White "Baglan, Esat"]
[Black "Kumic, Filip"]
[Result "1/2-1/2"]
[WhiteElo "2257"]
[BlackElo "2253"]
[PlyCount "29"]
[EventDate "2015.07.11"]

1. e4 e5 2. Nf3 Nc6 3. Bb5 Nf6 4. O-O Nxe4 5. d4 Nd6 6. Bxc6 dxc6 7. dxe5 Nf5
8. Qxd8+ Kxd8 9. Rd1+ Ke8 10. Nc3 Be7 11. h3 h5 12. Ne2 a5 13. c4 a4 14. Bd2
Nh4 15. Nxh4 1/2-1/2

[Event "19. Sahovski festival "]
[Site "Senta"]
[Date "2015.07.14"]
[Round "5.5"]
[White "Arsovic, Goran"]
[Black "Popov, Stevan"]
[Result "1-0"]
[WhiteElo "2395"]
[BlackElo "2153"]
[PlyCount "39"]
[EventDate "2015.07.11"]

1. d4 Nf6 2. Nf3 g6 3. c4 Bg7 4. g3 O-O 5. Bg2 c5 6. O-O cxd4 7. Nxd4 Nc6 8.
Nc3 a6 9. c5 Qa5 10. Nb3 Qd8 11. Bf4 b5 12. Qd2 Bb7 13. Rfd1 Qc8 14. Rac1 Nd8
15. e4 Bc6 16. Nd5 Bxd5 17. exd5 Nh5 18. Bg5 Re8 19. d6 exd6 20. cxd6 1-0

[Event "19. Sahovski festival "]
[Site "Senta"]
[Date "2015.07.14"]
[Round "5.6"]
[White "Lazov, Toni"]
[Black "Marjanovics, Annamaria"]
[Result "1-0"]
[WhiteElo "2141"]
[BlackElo "2277"]
[PlyCount "153"]
[EventDate "2015.07.11"]

1. e4 c5 2. Nf3 d6 3. d4 cxd4 4. Nxd4 Nf6 5. Nc3 g6 6. Be3 Bg7 7. f3 O-O 8. Bc4
Nc6 9. Qd2 Bd7 10. O-O-O Rc8 11. Bb3 Nxd4 12. Bxd4 b5 13. e5 dxe5 14. Bxe5 Bc6
15. Qxd8 Rfxd8 16. Rxd8+ Rxd8 17. Rd1 Bh6+ 18. Kb1 Rxd1+ 19. Nxd1 Nd5 20. c4
bxc4 21. Bxc4 Nf4 22. Bf1 Bb7 23. Nc3 Ne6 24. b4 Kf8 25. b5 Ke8 26. a4 Be3 27.
Kc2 Nc5 28. a5 f6 29. Bg3 e5 30. Bc4 Bd4 31. a6 Bc8 32. Nd5 Bf5+ 33. Kd2 Nd7
34. Ke2 Kd8 35. Be1 Bc5 36. g4 Bc2 37. Bb4 Bxb4 38. Nxb4 Ba4 39. Nc6+ Kc7 40.
Nxa7 Nb6 41. Bd3 Nd5 42. Kd2 Ne7 43. Be4 Kb6 44. Nc6 Nc8 45. Bd3 Bxb5 46. Bxb5
Kxb5 47. a7 Nb6 48. Ne7 Ka6 49. Nd5 Kxa7 50. Nxf6 h6 51. Ng8 Kb7 52. Nxh6 Kc6
53. h4 Kd5 54. Kd3 Nd7 55. Nf7 Nc5+ 56. Ke3 Ne6 57. h5 gxh5 58. gxh5 Nf8 59.
Ng5 e4 60. f4 Nd7 61. h6 Nf8 62. Nxe4 Ke6 63. Ng5+ Kf6 64. h7 Ng6 65. Ke4 Nh8
66. Nf3 Kg6 67. Ng5 Kf6 68. Ke3 Kg6 69. Kf3 Kf5 70. Kg3 Kf6 71. Kg4 Kg6 72. f5+
Kh6 73. Kh4 Kg7 74. Kh5 Kf6 75. Kh6 Kxf5 76. Kg7 Ng6 77. Nf7 1-0

[Event "19. Sahovski festival "]
[Site "Senta"]
[Date "2015.07.14"]
[Round "5.7"]
[White "Farkas, Tibor"]
[Black "Markovic, Aleksandar"]
[Result "0-1"]
[WhiteElo "2251"]
[BlackElo "2133"]
[PlyCount "64"]
[EventDate "2015.07.11"]

1. e4 c5 2. Nf3 d6 3. d4 cxd4 4. Nxd4 Nf6 5. Nc3 g6 6. Be3 Bg7 7. f3 Nc6 8. Qd2
O-O 9. g4 Be6 10. O-O-O d5 11. Qe1 Qa5 12. Nb3 Qd8 13. exd5 Bxd5 14. Nxd5 Nxd5
15. c4 e6 16. cxd5 exd5 17. Qd2 Re8 18. g5 Ne5 19. Be2 Qc8+ 20. Kb1 Qf5+ 21.
Ka1 Nc6 22. Rhe1 Rac8 23. a3 a5 24. h4 a4 25. Nc1 Na5 26. Qxa5 Rxe3 27. Qxa4
Rc2 28. Qa8+ Rc8 29. Qa5 Bxb2+ 30. Ka2 Bc3 31. Qa4 Bxe1 32. Rxe1 Rc2+ 0-1

[Event "19. Sahovski festival "]
[Site "Senta"]
[Date "2015.07.14"]
[Round "5.8"]
[White "Jovanovic, Aleksandar D"]
[Black "Bratkovic, Sham"]
[Result "0-1"]
[WhiteElo "2240"]
[BlackElo "2152"]
[PlyCount "110"]
[EventDate "2015.07.11"]

1. e4 c5 2. b3 Nc6 3. Bb2 d6 4. g3 Nf6 5. Bg2 g6 6. Na3 Bg7 7. Ne2 O-O 8. O-O
Bd7 9. h3 Qc8 10. Kh2 Ng4+ 11. hxg4 Bxb2 12. Nc4 Bxa1 13. Qxa1 Bxg4 14. f3 Bd7
15. Nf4 f6 16. c3 b5 17. Ne3 Qe8 18. Rh1 b4 19. d4 a5 20. Nfd5 Qd8 21. dxc5
dxc5 22. Rd1 Ra7 23. Nc4 Qb8 24. Bf1 Be6 25. Ncb6 Qe5 26. Nf4 Rb8 27. Nbd5 Bf7
28. Nd3 Qh5+ 29. Kg2 Ne5 30. Ne1 g5 31. Qc1 Be6 32. Qe3 Rc8 33. Nb6 Rc6 34.
Rd8+ Kg7 35. Nd5 Bh3+ 36. Kf2 Bxf1 37. Kxf1 e6 38. cxb4 exd5 39. exd5 Rc8 40.
Rxc8 Qh3+ 41. Kf2 Qxc8 42. bxc5 Rd7 43. Qd4 Qb7 44. d6 Qb5 45. f4 Ng4+ 46. Kf3
Nh2+ 47. Ke3 Qf1 48. Nd3 Qg1+ 49. Nf2 Ng4+ 50. Kf3 Qxf2+ 51. Qxf2 Nxf2 52. Kxf2
gxf4 53. gxf4 Kf7 54. f5 h5 55. a3 Ke8 0-1

[Event "19. Sahovski festival "]
[Site "Senta"]
[Date "2015.07.14"]
[Round "5.9"]
[White "Simonyi, Zoltan"]
[Black "Dermisek, Stipa"]
[Result "0-1"]
[WhiteElo "2227"]
[BlackElo "2077"]
[PlyCount "154"]
[EventDate "2015.07.11"]

1. d4 Nf6 2. c4 g6 3. Nf3 Bg7 4. b4 d5 5. e3 O-O 6. Nc3 a5 7. b5 c5 8. bxc6
bxc6 9. Ba3 Ba6 10. Rc1 Nbd7 11. cxd5 Bxf1 12. Kxf1 cxd5 13. Qd3 Re8 14. Nb5
Rc8 15. Ke2 Qb6 16. Rxc8 Rxc8 17. Rb1 Ne4 18. Bxe7 Rc4 19. Nd2 Nxd2 20. Kxd2
Qe6 21. Bd8 Qg4 22. Qf1 Nf8 23. Bxa5 Qf5 24. Rb2 Ne6 25. Bc3 Ng5 26. Nd6 Ne4+
27. Nxe4 Qxe4 28. Rb8+ Bf8 29. f3 Qe7 30. Qc1 Qc7 31. Qb2 Kg7 32. g3 Ba3 33.
Qb3 Bc1+ 34. Kd3 Qe7 35. e4 Qg5 36. f4 Qg4 37. exd5 Rc7 38. d6 Qf5+ 39. Ke2
Qe4+ 40. Kd1 Qd3+ 41. Kxc1 Rxc3+ 42. Kb2 Qd2+ 43. Ka3 Qxd4 44. Rb4 Rxb3+ 45.
Kxb3 Qd3+ 46. Kb2 Qxd6 47. Rc4 Qb6+ 48. Kc3 Qf2 49. Kb3 Qxh2 50. Rc3 Qf2 51. a4
Qb6+ 52. Ka3 Qa5 53. Rb3 Qc5+ 54. Kb2 h5 55. Ra3 Qb4+ 56. Ka2 Qa5 57. Kb3 f6
58. Ra2 h4 59. gxh4 Qd5+ 60. Ka3 Qf3+ 61. Kb2 Qxf4 62. a5 Qb4+ 63. Kc2 Qxh4 64.
a6 Qf2+ 65. Kb3 Qa7 66. Kc4 g5 67. Kb5 g4 68. Rd2 Kg6 69. Rd8 f5 70. Rd6+ Kg5
71. Rb6 Qd7+ 72. Ka5 g3 73. Rb7 Qd8+ 74. Kb5 Qd5+ 75. Kb4 Kg4 76. Rg7+ Kf3 77.
a7 f4 0-1

[Event "19. Sahovski festival "]
[Site "Senta"]
[Date "2015.07.14"]
[Round "5.10"]
[White "Stojkovska, Monika"]
[Black "Nagy, Attila N"]
[Result "0-1"]
[WhiteElo "2061"]
[BlackElo "2207"]
[PlyCount "36"]
[EventDate "2015.07.11"]

1. e4 c5 2. Nf3 g6 3. d4 cxd4 4. Qxd4 Nf6 5. e5 Nc6 6. Qa4 Nd5 7. Qe4 Nb6 8.
Bf4 d5 9. exd6 Bf5 10. Qe2 Bg7 11. dxe7 Nxe7 12. Nc3 O-O 13. Qd2 Ned5 14. O-O-O
Nxc3 15. bxc3 Qe8 16. Nd4 Qa4 17. Nxf5 Qa3+ 18. Kb1 Na4 0-1

[Event "19. Sahovski festival "]
[Site "Senta"]
[Date "2015.07.14"]
[Round "5.11"]
[White "Vucinic, Gojko"]
[Black "Kaszas, Viktor"]
[Result "1-0"]
[WhiteElo "2328"]
[BlackElo "2017"]
[PlyCount "81"]
[EventDate "2015.07.11"]

1. e4 c5 2. Nf3 d6 3. d4 cxd4 4. Nxd4 Nf6 5. Nc3 a6 6. Bg5 e6 7. Qe2 h6 8. Be3
b5 9. a3 Bb7 10. f3 Nbd7 11. O-O-O Rc8 12. Qe1 Qc7 13. Kb1 Be7 14. Qg3 d5 15.
Qxc7 Rxc7 16. exd5 Nxd5 17. Nxd5 Bxd5 18. a4 bxa4 19. Bxa6 O-O 20. Nb5 Rc4 21.
Nc3 Rxc3 22. bxc3 Ne5 23. Bd4 Nc4 24. Bxc4 Bxc4 25. Ka1 a3 26. Rb1 a2 27. Rb7
Bd6 28. Rd7 Bf4 29. Bxg7 Kxg7 30. Rd4 Rc8 31. Rxf4 Bd5 32. Kb2 f5 33. Rb4 Kf6
34. Rd1 h5 35. Rd3 Ra8 36. Ka1 Rc8 37. g3 Ke5 38. f4+ Kf6 39. c4 Rxc4 40. Rxc4
Bxc4 41. Rd4 1-0

[Event "19. Sahovski festival "]
[Site "Senta"]
[Date "2015.07.14"]
[Round "5.12"]
[White "Jovanovic, Milan B"]
[Black "Todorovic, Jovan"]
[Result "0-1"]
[WhiteElo "2041"]
[BlackElo "2402"]
[PlyCount "84"]
[EventDate "2015.07.11"]

1. d4 Nf6 2. Nf3 e6 3. Bg5 c5 4. c3 Be7 5. e3 b6 6. Nbd2 Bb7 7. Bd3 cxd4 8.
exd4 Nd5 9. Be3 O-O 10. a3 f5 11. c4 Nc7 12. Bf4 d6 13. c5 Nd5 14. Bxd6 Bxd6
15. cxd6 Nf4 16. Bf1 Qxd6 17. g3 Ng6 18. Bg2 Ba6 19. b3 e5 20. Nc4 Bxc4 21.
bxc4 e4 22. Ng5 h6 23. Nh3 Nc6 24. d5 Na5 25. O-O Nxc4 26. Rc1 Nce5 27. f4 exf3
28. Bxf3 f4 29. Be4 fxg3 30. hxg3 Qxa3 31. Rxf8+ Rxf8 32. Qe1 Nh4 33. gxh4 Qxh3
34. Rc3 Rf1+ 35. Qxf1 Qxc3 36. Qf5 Qc5+ 37. Kg2 Qd6 38. Qh5 Kf8 39. Qf5+ Ke7
40. Qc8 Qd7 41. d6+ Qxd6 42. Kh3 Qd7+ 0-1

[Event "19. Sahovski festival "]
[Site "Senta"]
[Date "2015.07.14"]
[Round "5.13"]
[White "Janjusevic, Branislav"]
[Black "Vranic, Ljubomir"]
[Result "1/2-1/2"]
[WhiteElo "1968"]
[BlackElo "2213"]
[PlyCount "206"]
[EventDate "2015.07.11"]

1. e4 e6 2. d4 d5 3. Nc3 Nf6 4. exd5 exd5 5. Bd3 Nc6 6. Nf3 Bg4 7. Be3 Bb4 8.
O-O a6 9. a3 Bxc3 10. bxc3 h6 11. Re1 O-O 12. c4 Na5 13. cxd5 b5 14. Qd2 Nc4
15. Bxc4 Bxf3 16. Bd3 Bh5 17. Bxh6 Nxd5 18. Re5 Bg6 19. Bxg6 fxg6 20. Bg5 Qd7
21. Qd3 Rf5 22. Rae1 Raf8 23. Bh4 c6 24. Bg3 Kh7 25. Re6 R8f6 26. Re8 Rf8 27.
R8e4 Kg8 28. c4 Nf6 29. Re7 Qd8 30. cxb5 axb5 31. Rc7 Qd5 32. Ree7 Nh5 33. Red7
Qa2 34. h3 R8f7 35. Rd8+ Rf8 36. Rxf8+ Kxf8 37. Rxc6 Nxg3 38. Qxg3 Qa1+ 39. Kh2
Qxd4 40. Qb8+ Kf7 41. Qb7+ Kg8 42. Qb8+ Kh7 43. Qg3 g5 44. Rc2 Rd5 45. Re2 Qf6
46. Re8 Rd2 47. f3 Rd1 48. Re1 Rd3 49. Qe5 Rxa3 50. Qxb5 Qf4+ 51. Kh1 Rc3 52.
Qb1+ g6 53. Qb7+ Kh6 54. Qa8 Qf6 55. Qb8 Ra3 56. Re8 Ra1+ 57. Kh2 Qf4+ 58. Qxf4
gxf4 59. h4 g5 60. Re6+ Kh5 61. hxg5 Kxg5 62. Re8 Rb1 63. Rg8+ Kf5 64. Rc8 Kg5
65. Rg8+ Kf5 66. Rg4 Rc1 67. Rh4 Kg5 68. Rg4+ Kf5 69. Rg8 Rb1 70. Ra8 Kg5 71.
Ra5+ Kh4 72. Rf5 Rb4 73. Rf8 Rc4 74. Rh8+ Kg5 75. Kh3 Rc1 76. Rg8+ Kf5 77. Kh2
Rb1 78. Rf8+ Kg5 79. g3 fxg3+ 80. Kxg3 Rb3 81. Rg8+ Kf5 82. Rh8 Kg5 83. Rc8 Ra3
84. Rc5+ Kf6 85. Kg4 Ra4+ 86. f4 Ra6 87. Rf5+ Kg6 88. Re5 Rb6 89. Rg5+ Kf6 90.
Rh5 Kg6 91. Rh8 Rc6 92. Rf8 Rb6 93. Kf3 Rb3+ 94. Ke4 Rb4+ 95. Ke5 Rb5+ 96. Ke4
Rb4+ 97. Kf3 Rb3+ 98. Kg4 Rb6 99. f5+ Kg7 100. Rc8 Kf6 101. Rf8+ Kg7 102. Re8
Kf6 103. Re4 Rc6 1/2-1/2

[Event "19. Sahovski festival "]
[Site "Senta"]
[Date "2015.07.14"]
[Round "5.14"]
[White "Meszaros, Bela"]
[Black "Tomik, Lajos"]
[Result "1-0"]
[WhiteElo "2206"]
[BlackElo "2021"]
[PlyCount "97"]
[EventDate "2015.07.11"]

1. e4 c5 2. Nf3 d6 3. d4 cxd4 4. Nxd4 Nf6 5. Nc3 a6 6. a4 e5 7. Nb3 Be6 8. Bd3
Nc6 9. O-O Nb4 10. Re1 Nxd3 11. Qxd3 Be7 12. Nd2 Rc8 13. Nf1 Bc4 14. Qg3 Bxf1
15. Kxf1 Kf8 16. Bg5 h6 17. Be3 g6 18. Rad1 Qc7 19. Kg1 Qc4 20. Qh3 h5 21. Bg5
Qe6 22. Qxe6 fxe6 23. Bxf6 Bxf6 24. Rxd6 Ke7 25. Red1 Rc7 26. Rb6 Re8 27. Rd3
Kf7 28. Kf1 Ree7 29. Rf3 Kg7 30. Ke2 Bg5 31. Rd3 Bc1 32. Kd1 Bg5 33. f3 h4 34.
h3 Rc4 35. b3 Rc8 36. Na2 Bf4 37. Rbd6 Rcc7 38. Nc3 Bg3 39. Ne2 Bf2 40. c3 Kh6
41. Kc2 Kg5 42. Rd8 Bc5 43. Kb2 a5 44. Rg8 Rf7 45. Rdd8 b6 46. Nc1 Rfd7 47. Nd3
Be7 48. Rxd7 Rxd7 49. Rxg6+ 1-0

[Event "19. Sahovski festival "]
[Site "Senta"]
[Date "2015.07.14"]
[Round "5.15"]
[White "Lovas, Miklos"]
[Black "Scepanovic, Labud"]
[Result "1-0"]
[WhiteElo "2029"]
[BlackElo "2172"]
[PlyCount "69"]
[EventDate "2015.07.11"]

1. e4 g6 2. d4 Bg7 3. Nf3 c5 4. c3 cxd4 5. cxd4 d6 6. Nc3 Bg4 7. Be2 Nf6 8. O-O
O-O 9. Be3 Nc6 10. h3 Bxf3 11. Bxf3 Rc8 12. Rc1 a6 13. Qd2 b5 14. Ne2 Qd7 15.
Rc2 Rfd8 16. Rfc1 d5 17. e5 Ne4 18. Bxe4 dxe4 19. Ng3 f5 20. exf6 Bxf6 21. d5
Ne5 22. Rxc8 Rxc8 23. Rxc8+ Qxc8 24. Nxe4 Bg7 25. d6 exd6 26. Qd5+ Kh8 27. Nxd6
Qg8 28. Qb7 Qxa2 29. Bd4 h6 30. Qe4 Nf7 31. Qxg6 Ne5 32. Qe8+ Qg8 33. Bxe5 Qxe8
34. Bxg7+ Kxg7 35. Nxe8+ 1-0

[Event "19. Sahovski festival "]
[Site "Senta"]
[Date "2015.07.14"]
[Round "5.16"]
[White "Marjanovics, Gyorgy"]
[Black "Kecskemeti, Arpad"]
[Result "1-0"]
[WhiteElo "1939"]
[BlackElo "2152"]
[PlyCount "45"]
[EventDate "2015.07.11"]

1. e4 c5 2. Nf3 d6 3. Bb5+ Nd7 4. O-O Ngf6 5. Re1 a6 6. Bf1 g6 7. c3 Bg7 8. a4
O-O 9. d4 b6 10. e5 dxe5 11. dxe5 Ng4 12. Qd5 Qc7 13. e6 Nde5 14. exf7+ Rxf7
15. Nxe5 Bxe5 16. g3 Bb7 17. Qe6 Raf8 18. f4 Kg7 19. Qxg4 Qc6 20. Rxe5 Qh1+ 21.
Kf2 Qxh2+ 22. Ke1 h5 23. Qg5 1-0

[Event "19. Sahovski festival "]
[Site "Senta"]
[Date "2015.07.14"]
[Round "5.17"]
[White "Korponai, Akos"]
[Black "Sahin, Ozgun"]
[Result "0-1"]
[WhiteElo "2002"]
[BlackElo "2106"]
[PlyCount "26"]
[EventDate "2015.07.11"]

1. e4 c5 2. Nf3 a6 3. c4 Nc6 4. d4 cxd4 5. Nxd4 e6 6. a3 Nf6 7. Nc3 d5 8. exd5
exd5 9. cxd5 Nxd5 10. Nxc6 bxc6 11. Bc4 Be6 12. Qf3 Bd6 13. O-O Qh4 0-1